| 000 | 02960nam a22002657a 4500 | ||
|---|---|---|---|
| 003 | DO-SdBNP | ||
| 005 | 20210409143951.0 | ||
| 008 | 210315b 2005 dr 00| 0 spa d | ||
| 020 | _a999343938X | ||
| 040 |
_aBPMSU _bspa _cBPMSU |
||
| 082 |
_aRD868.44 _bB931L _222 |
||
| 086 | _2 | ||
| 245 |
_aEl Búho y la luna: _bentrevistas a José Mármol / _ccompilador y editor Basilio Belliard |
||
| 260 |
_aSanto Domingo: _bLibrería La Trinitaria, _c2005. |
||
| 300 |
_a278 p. ; _bil. _c24 cm. |
||
| 500 | _3Incluye datos Biográfico del entrevistado en la solapa de la contracubierta | ||
| 505 | 0 | _aPresentación : las palabras del pensamiento -- Las voces del pensamiento : Crónicas lunares -- La revolución poética debe ser radical / José Rafael Lantigua -- Un gran oficiante del verso / Emilia Pereyra -- La realización de un sueño / Kenny Cabrera -- Poeta al amanecer / Freddy Ginebra -- Dialogos en el paraíso : Periodismo y literatura -- La poesía no es un reflejo del mundo /Clodomiro Moquete y Pepa Acedo -- El propósito ulterior de un escritor ha de ser siempre escribir / Elsie Fernández -- Nuestra radicalidad era contra un discurso, no contra individuos / Emelyn Baldera -- Siempre creo que apenas empiezo a garabatear algunas páginas, eso me ofrece la oportunidad de seguir intentándolo cada día / Fátima Alvarez -- El arte no es reflejo de nada : es la naturaleza intervenida por el hombre / Hyden Carrón -- Nunca he tratado de hacer literatura complaciente - Mabel Caballero 91 -- La literatura es una vocación que me fue impuesta como castigo / Miguel Piccini -- Mi vocación fue siempre enseñar / Norys Sánchez -- La eterna poesía / Raysa Olivo -- La poesía es un arte para las grandes minorías / Luis Beiro -- Fondo es forma, y viceversa / Maickel Ronzino -- La ética del poeta es resistir /Jaime Priede -- José Mármol : Premio Nacional de Poesía 1987 / Angela Peña -- Los poetas sueñan con el hombre común / María Vírgen Gómez -- Voces del fuego : Las palabras del Eden -- Prefiero, simplemente, escribir / Carlos X. Ardavín -- ¿Qué son los poetas y para qué escriben? / Adrián Javier -- Conversación con un poeta / Mónica Volonteri -- Una poética del pensar /¿Néstor Rodríguez -- Sobre centauros y minotauros o el tema de las generaciones literarias en Santo Domingo / Plinio Chalín -- El poema es un hecho de lenguaje / René Rodríguez Soriano -- La literatura como cuestión vital / León David -- El poema como superación verbal del mundo / Floriano Martins -- Coloquio con José Mármol / Bruno Rosario Candelier y Marcio Veloz Maggliolo -- La poesía evoluciona hacia la oralidad /José Angel Leyva. | |
| 590 | _ainventariado,2021 /MC | ||
| 600 | 1 | 4 |
_aMármol, José _d1960- _xEntrevistas. |
| 650 | 4 | _a Literatura dominicana | |
| 650 | 4 |
_aPoetas dominicanos _vEntrevistas |
|
| 650 | 4 |
_aPoetas dominicanos _ySiglo XX |
|
| 910 | _aMCabrera/ VMateo | ||
| 942 |
_2ddc _cBK |
||
| 999 |
_c13398 _d13398 |
||